Это реальная личность? №1 - Внезапная смерть - Statistics

General Stats
  • This quiz has been taken 24 times
  • The average score is 11 of 13
Answers on the Grid
Answers color-coded by a green-red scale on the quiz's grid according to % correct below.
Уильям Дефо
РуПол Чарльз
Пасифика Нортвест
Скарлет Йоханссон
Энди Дюфрейн
Хадсон Хорнет
Владимир Жириновский
Рональд Рейган
Алина Кабаева
Марко Поло
Иоганн Себастьян Бах
Джозеф Джостар
Камилла Корнуолльская
Сидни Суини
Альфред Пенниуорт
Франц Фердинанд
Карл фон Мюнхгаузен
Белла Свон
Кира Найтли
Шон Коннери
 
Answer Stats
Answer % Correct
Уильям Дефо
93%
Скарлет Йоханссон
93%
Владимир Жириновский
93%
Рональд Рейган
93%
Алина Кабаева
93%
Марко Поло
93%
Иоганн Себастьян Бах
93%
Франц Фердинанд
93%
Кира Найтли
93%
Шон Коннери
93%
Сидни Суини
71%
Камилла Корнуолльская
57%
РуПол Чарльз
50%
No matching quizzes found
Score Distribution
Percent of People with Each Score
Percentile by Number Answered
Your Score History
You have not taken this quiz